[Event "Guimaraes op 3rd"]
[Site "Guimaraes"]
[Date "2019.08.31"]
[Round "6"]
[White "Soares, Sara Joana de Moura"]
[Black "Pinheiro, Albano Guise"]
[Result "0-1"]
[WhiteElo "1597"]
[BlackElo "1989"]
[PlyCount "64"]
[EventDate "2019.08.28"]
[EventType "swiss"]
[EventRounds "7"]
[EventCountry "POR"]
[SourceTitle "EXT 2020"]
[Source "ChessBase"]
[SourceDate "2019.10.17"]
[SourceVersion "1"]
[SourceVersionDate "2019.10.17"]
[SourceQuality "1"]

1. d4 Nf6 2. c4 e5 3. dxe5 Ng4 4. Nc3 Nxe5 5. b3 Bc5 6. Bb2 0-0 7. g3 Re8 8. Bg2 Bxf2+ 9. Kxf2 Ng4+ 10. Ke1 Ne3 11. Qd2 Nxg2+ 12. Kf2 Ne3 13. Nf3 Ng4+ 14. Kg2 Nc6 15. Nd5 d6 16. Rhe1 Nge5 17. Nxe5 Nxe5 18. e4 Bg4 19. Rf1 Qd7 20. Rf2 Rac8 21. Qg5 Kh8 22. Ne3 f6 23. Qh4 Be6 24. Nf5 Bxf5 25. Rxf5 Ng6 26. Qh5 Rxe4 27. Bxf6 gxf6 28. Rxf6 Re6 29. Raf1 Rxf6 30. Rxf6 Kg7 31. Qf3 Qc6 32. Rf7+ Kg8 0-1

[Event "Guimaraes op 3rd"]
[Site "Guimaraes"]
[Date "2019.08.28"]
[Round "1"]
[White "Pinheiro, Albano Guise"]
[Black "Garcia Dorado, Alberto"]
[Result "1-0"]
[WhiteElo "1989"]
[BlackElo "2205"]
[PlyCount "85"]
[EventDate "2019.08.28"]
[EventType "swiss"]
[EventRounds "7"]
[EventCountry "POR"]
[SourceTitle "EXT 2020"]
[Source "ChessBase"]
[SourceDate "2019.10.17"]
[SourceVersion "1"]
[SourceVersionDate "2019.10.17"]
[SourceQuality "1"]

1. e4 e6 2. d4 d5 3. exd5 exd5 4. c4 Bb4+ 5. Bd2 Bxd2+ 6. Qxd2 Nf6 7. Nc3 0-0 8. Nf3 Ne4 9. Nxe4 dxe4 10. Ng1 Re8 11. Ne2 Nc6 12. 0-0-0 a5 13. d5 Nb4 14. Nc3 Bf5 15. Be2 Bg6 16. g4 Qh4 17. Qe3 Re7 18. a3 Na6 19. c5 h6 20. d6 Re6 21. Bc4 Re5 22. Bxa6 bxa6 23. f4 Ree8 24. d7 Red8 25. f5 Bh7 26. Qxe4 h5 27. h3 g6 28. Rhe1 Kf8 29. Qe5 Qg5+ 30. Kb1 gxf5 31. Qxc7 fxg4+ 32. Ka1 g3 33. Qd6+ Kg7 34. c6 Bf5 35. Qe5+ Kg6 36. Nd5 Be6 37. Nf4+ Kh6 38. Qxg5+ Kxg5 39. Nxe6+ fxe6 40. c7 Kh4 41. cxd8Q+ Rxd8 42. Rxe6 g2 43. Rg6 1-0

[Event "Guimaraes op"]
[Site "Guimaraes"]
[Date "2017.09.02"]
[Round "2"]
[White "Pinheiro, Albano Guise"]
[Black "Oliveira, Maria Alice Ramos"]
[Result "1-0"]
[WhiteElo "2023"]
[BlackElo "1627"]
[PlyCount "91"]
[EventDate "2017.09.02"]
[EventType "swiss"]
[EventRounds "7"]
[EventCountry "POR"]
[SourceTitle "CBM 180 Extra"]
[Source "ChessBase"]
[SourceDate "2017.10.06"]
[SourceVersion "1"]
[SourceVersionDate "2017.10.06"]
[SourceQuality "1"]

1. Nf3 Nf6 2. d4 g6 3. Bf4 Bg7 4. e3 d6 5. c3 0-0 6. h3 c5 7. Nbd2 a6 8. a4 b6 9. Bd3 Nbd7 10. Qe2 Nd5 11. Bg3 Nc7 12. 0-0 Re8 13. Rfd1 Bb7 14. Rac1 Bc6 15. Ra1 b5 16. axb5 axb5 17. Be4 Bxe4 18. Nxe4 c4 19. Ned2 Nb6 20. e4 Qc8 21. Nf1 Qb7 22. e5 dxe5 23. Nxe5 Ne6 24. h4 Nd7 25. Nxd7 Qxd7 26. Qf3 Ra7 27. Ne3 h5 28. Nc2 Qb7 29. Rxa7 Qxa7 30. Ra1 Qd7 31. Nb4 Rd8 32. Ra6 Rc8 33. Rb6 Bf8 34. Rb7 Qe8 35. Qd5 Nd8 36. Rb6 Ne6 37. Qxb5 Qd8 38. Rb7 Ra8 39. Nc6 Ra1+ 40. Kh2 Qa8 41. Nxe7+ Kh7 42. Nc6 Kg8 43. Nb4 Ra5 44. Qd7 Nd8 45. Rb8 Qe4 46. Qxd8 1-0

[Event "Famalicao op 5th"]
[Site "Famalicao"]
[Date "2017.08.04"]
[Round "8"]
[White "Pinheiro, Albano Guise"]
[Black "Fernandes, Joao Pedro Murtinho"]
[Result "0-1"]
[WhiteElo "2071"]
[BlackElo "1953"]
[PlyCount "121"]
[EventDate "2017.07.29"]
[EventType "swiss"]
[EventRounds "9"]
[EventCountry "POR"]
[SourceTitle "EXT 2018"]
[Source "ChessBase"]
[SourceDate "2017.10.13"]
[SourceVersion "1"]
[SourceVersionDate "2017.10.13"]
[SourceQuality "1"]

1. Nf3 Nf6 2. d4 e6 3. Bf4 b6 4. e3 Bb7 5. c3 d6 6. Nbd2 g6 7. h3 Bg7 8. Bd3 0-0 9. 0-0 Nbd7 10. e4 e5 11. Bh2 Qe7 12. Re1 Nh5 13. Qe2 a6 14. a4 Bh6 15. Bc4 Bf4 16. Bxf4 Nxf4 17. Qe3 Kh8 18. g3 Nh5 19. Qg5 f6 20. Qh6 Qg7 21. Qxg7+ Nxg7 22. Rad1 Rad8 23. b4 Rfe8 24. d5 f5 25. Bd3 Nf6 26. c4 Ra8 27. a5 bxa5 28. bxa5 Nd7 29. Nb3 Rab8 30. Rb1 Ba8 31. g4 fxe4 32. Bxe4 Rb4 33. Nfd2 Reb8 34. Rec1 Ne8 35. Rc3 Nc5 36. Nxc5 Rxb1+ 37. Bxb1 dxc5 38. Rb3 Rxb3 39. Nxb3 Nd6 40. Nxc5 Nxc4 41. Nxa6 Bxd5 42. Nxc7 Bf3 43. a6 Kg7 44. a7 Nb6 45. Bd3 Kf6 46. Bf1 Na8 47. Nxa8 Bxa8 48. Bg2 e4 49. Kh2 Ke5 50. Kg3 g5 51. Bf1 Kd4 52. Be2 Ke5 53. f3 e3 54. Bd3 Kd4 55. Be4 Kc3 56. Bxa8 e2 57. Kf2 Kd2 58. Be4 e1Q+ 59. Kg2 Qe2+ 60. Kg3 Qf1 61. Bd5 0-1

[Event "Famalicao op 5th"]
[Site "Famalicao"]
[Date "2017.08.03"]
[Round "7"]
[White "Areal, Pedro"]
[Black "Pinheiro, Albano Guise"]
[Result "0-1"]
[WhiteElo "1757"]
[BlackElo "2071"]
[PlyCount "152"]
[EventDate "2017.07.29"]
[EventType "swiss"]
[EventRounds "9"]
[EventCountry "POR"]
[SourceTitle "EXT 2018"]
[Source "ChessBase"]
[SourceDate "2017.10.13"]
[SourceVersion "1"]
[SourceVersionDate "2017.10.13"]
[SourceQuality "1"]

1. e4 c5 2. Nc3 Nc6 3. d3 g6 4. g3 Bg7 5. Bg2 e6 6. Nge2 Nge7 7. 0-0 0-0 8. Be3 d6 9. Qd2 Nd4 10. Nd1 Nxe2+ 11. Qxe2 Rb8 12. a4 Bd7 13. Qd2 Re8 14. c3 Bc6 15. d4 b6 16. f4 Qc7 17. Nf2 Qb7 18. b4 cxb4 19. cxb4 a6 20. Rfd1 Red8 21. Ra2 Rbc8 22. d5 exd5 23. exd5 Bd7 24. Bd4 Qc7 25. Bxg7 Kxg7 26. Qd4+ f6 27. Ne4 Rf8 28. Ng5 Nf5 29. Qb2 Ne3 30. Re1 Qc3 31. Qxc3 Rxc3 32. Ne6+ Bxe6 33. dxe6 Re8 34. Kf2 Nxg2 35. Kxg2 Kf8 36. a5 b5 37. Rb2 Ke7 38. g4 Rec8 39. f5 R8c4 40. h3 Rd3 41. Ree2 Rcc3 42. Rec2 Rxh3 43. Rxc3 Rxc3 44. Rb1 h5 45. gxh5 gxf5 46. Rh1 Kxe6 47. h6 Rc8 48. h7 Rh8 49. Kf3 Kf7 50. Kf4 Kg6 51. Rg1+ Kf7 52. Rh1 Kg7 53. Rg1+ Kxh7 54. Kxf5 Rc8 55. Kxf6 Rc4 56. Rh1+ Kg8 57. Rg1+ Kf8 58. Rh1 Ke8 59. Ke6 Re4+ 60. Kxd6 Rxb4 61. Kc6 Rf4 62. Rh6 Kf7 63. Kb6 Rf6+ 64. Rxf6+ Kxf6 65. Kxa6 b4 66. Ka7 b3 67. a6 b2 68. Ka8 Ke7 69. a7 Kd7 70. Kb7 b1Q+ 71. Ka8 Qe4+ 72. Kb8 Qe5+ 73. Kb7 Qd5+ 74. Kb8 Qd6+ 75. Kb7 Qc6+ 76. Kb8 Qc8# 0-1

[Event "Famalicao op 5th"]
[Site "Famalicao"]
[Date "2017.08.02"]
[Round "6"]
[White "Pinheiro, Albano Guise"]
[Black "Andrade, Ricardo Sarmento"]
[Result "1/2-1/2"]
[WhiteElo "2071"]
[BlackElo "1759"]
[PlyCount "90"]
[EventDate "2017.07.29"]
[EventType "swiss"]
[EventRounds "9"]
[EventCountry "POR"]
[SourceTitle "EXT 2018"]
[Source "ChessBase"]
[SourceDate "2017.10.13"]
[SourceVersion "1"]
[SourceVersionDate "2017.10.13"]
[SourceQuality "1"]

1. Nf3 Nf6 2. d4 e6 3. Bf4 b6 4. e3 Bb7 5. c3 c5 6. Nbd2 Be7 7. Bd3 d6 8. h3 0-0 9. 0-0 Nbd7 10. Qe2 Re8 11. e4 cxd4 12. cxd4 h6 13. Rfd1 Bf8 14. e5 dxe5 15. dxe5 Nd5 16. Bg3 a6 17. Rac1 b5 18. Bb1 Qb6 19. Ne4 f5 20. exf6 N7xf6 21. Nxf6+ Nxf6 22. Be5 Bd5 23. Bxf6 gxf6 24. Be4 Qb7 25. Bxd5 exd5 26. Qd3 Rad8 27. Rc2 Bd6 28. Kf1 Be5 29. Rdc1 Qg7 30. Qf5 d4 31. Nxe5 fxe5 32. Rc7 Re7 33. Rxe7 Qxe7 34. Rc6 Rd6 35. Rc8+ Kg7 36. Qg4+ Rg6 37. Rg8+ Kxg8 38. Qxg6+ Qg7 39. Qxa6 Qc7 40. Qxh6 Qc4+ 41. Kg1 d3 42. Qg6+ Kf8 43. Qf6+ Kg8 44. Qg6+ Kf8 45. Qf6+ Kg8 1/2-1/2

[Event "Boavista-ch 3rd"]
[Site "Lisbon"]
[Date "2004.04.06"]
[Round "2"]
[White "Pereira, Antonio Pedro Caram"]
[Black "Pinheiro, Albano Guise"]
[Result "0-1"]
[WhiteElo "1960"]
[BlackElo "2079"]
[PlyCount "84"]
[EventDate "2004.04.05"]
[EventType "swiss"]
[EventRounds "9"]
[EventCountry "POR"]
[SourceTitle "EXT 2005"]
[Source "ChessBase"]
[SourceDate "2004.11.15"]
[SourceVersion "1"]
[SourceVersionDate "2004.11.15"]
[SourceQuality "1"]

1. c4 e5 2. Nc3 d6 3. g3 f5 4. d3 Nf6 5. Bg2 Be7 6. e3 0-0 7. Nge2 c6 8. 0-0 Qe8 9. f4 Nbd7 10. b3 Qh5 11. fxe5 dxe5 12. d4 Ng4 13. h3 Nh6 14. d5 cxd5 15. Nxd5 Bd6 16. Nec3 Qg6 17. Nb5 a6 18. Nxd6 Qxd6 19. a4 Nc5 20. Ba3 a5 21. Qc2 e4 22. Rad1 b6 23. Nf4 Qc7 24. Bxc5 Qxc5 25. Qc3 g5 26. Ne2 Be6 27. Rd4 Nf7 28. Rfd1 Rae8 29. h4 h6 30. hxg5 hxg5 31. Kf2 Ne5 32. Rh1 Kg7 33. Ke1 Rh8 34. Nf4 Rxh1+ 35. Bxh1 Bf7 36. Nd5 Kg6 37. Qc2 Rh8 38. Bg2 Rh2 39. Rxe4 Bxd5 40. Rxe5 Qb4+ 41. Kf1 Bxg2+ 42. Kg1 Qe1+ 0-1

[Event "Boavista-ch 3rd"]
[Site "Lisbon"]
[Date "2004.04.05"]
[Round "1"]
[White "Pinheiro, Albano Guise"]
[Black "Leite, Samuel"]
[Result "1-0"]
[WhiteElo "2079"]
[BlackElo "1802"]
[PlyCount "61"]
[EventDate "2004.04.05"]
[EventType "swiss"]
[EventRounds "9"]
[EventCountry "POR"]
[SourceTitle "EXT 2005"]
[Source "ChessBase"]
[SourceDate "2004.11.15"]
[SourceVersion "1"]
[SourceVersionDate "2004.11.15"]
[SourceQuality "1"]

1. e4 c5 2. Nf3 Nc6 3. d4 cxd4 4. Nxd4 Nf6 5. Nc3 e5 6. Ndb5 d6 7. Bg5 a6 8. Na3 b5 9. Nd5 Be7 10. Bxf6 Bxf6 11. c3 Be6 12. Nxf6+ gxf6 13. Nc2 d5 14. exd5 Qxd5 15. Qxd5 Bxd5 16. Ne3 Be6 17. Bd3 Ne7 18. a4 0-0 19. axb5 axb5 20. 0-0 b4 21. cxb4 Rab8 22. b5 Rfd8 23. Rfd1 Bb3 24. Bc2 Rxd1+ 25. Bxd1 Bxd1 26. Rxd1 Rxb5 27. Rd7 Kf8 28. Rd8+ Kg7 29. Re8 Rb7 30. g4 f5 31. Rxe7 1-0

[Event "GXP Serie-A 2nd"]
[Site "Portugal"]
[Date "2004.??.??"]
[Round "7"]
[White "Botelho, Adelino dos Santos"]
[Black "Pinheiro, Albano Guise"]
[Result "0-1"]
[WhiteElo "1800"]
[BlackElo "2105"]
[PlyCount "56"]
[EventDate "2004.??.??"]
[EventType "tourn"]
[EventRounds "9"]
[EventCountry "POR"]
[SourceTitle "EXT 2007"]
[Source "ChessBase"]
[SourceDate "2006.11.23"]
[SourceVersion "1"]
[SourceVersionDate "2006.11.23"]
[SourceQuality "1"]

1. d4 Nf6 2. Nf3 e6 3. Bg5 Be7 4. Nbd2 d5 5. c3 0-0 6. e3 c5 7. Bd3 h6 8. Bf4 Nc6 9. Ne5 cxd4 10. exd4 Qb6 11. Rb1 Nxe5 12. dxe5 Ne4 13. Be3 Bc5 14. Bxc5 Nxc5 15. Bc2 f6 16. 0-0 fxe5 17. b4 Nd7 18. Qh5 e4 19. Rbe1 Nf6 20. Qh4 Bd7 21. Nb3 Bb5 22. Nd4 Bxf1 23. Rxf1 Rac8 24. Qg3 Rce8 25. Kh1 Nd7 26. Ba4 Re7 27. Qh4 Rff7 28. Re1 Ne5 0-1

[Event "Porto GXP 2nd"]
[Site "Porto"]
[Date "2004.??.??"]
[Round "1"]
[White "Pinheiro, Albano Guise"]
[Black "Araujo, Jose Verissimo"]
[Result "1/2-1/2"]
[WhiteElo "2108"]
[BlackElo "1950"]
[PlyCount "162"]
[EventDate "2004.??.??"]
[EventType "team"]
[EventRounds "2"]
[EventCountry "POR"]
[SourceTitle "EXT 2005"]
[Source "ChessBase"]
[SourceDate "2004.11.15"]
[SourceVersion "1"]
[SourceVersionDate "2004.11.15"]
[SourceQuality "1"]

1. e4 d6 2. d4 Nf6 3. Nc3 g6 4. f3 Bg7 5. Be3 c6 6. Qd2 Qa5 7. 0-0-0 b5 8. Kb1 Nbd7 9. d5 b4 10. dxc6 bxc3 11. cxd7+ Nxd7 12. Qd5 Qxd5 13. Rxd5 cxb2 14. Bb5 Bb7 15. Rd3 a6 16. Ba4 Rc8 17. Bd4 Bxd4 18. Rxd4 Bc6 19. Bb3 Nc5 20. Kxb2 a5 21. a4 0-0 22. Ne2 Rb8 23. Ka3 Rfc8 24. h4 Bd7 25. Rd2 Rb4 26. Rhd1 Bxa4 27. Ba2 Rcb8 28. Nc3 Bd7 29. Rd4 Ne6 30. Bxe6 Bxe6 31. Nd5 Bxd5 32. Rxd5 Rc4 33. R1d2 Rbc8 34. Kb2 Rb4+ 35. Ka2 Rbc4 36. Kb2 a4 37. Ra5 f6 38. Kc1 Kf7 39. Kd1 Rb8 40. Ke2 Rb1 41. Kd3 Rcb4 42. Kc3 Rb5 43. Rxa4 Rh5 44. Ra7 Rxh4 45. Rxd6 Rh5 46. Rdd7 Re5 47. g4 Rf1 48. Rd3 Rf2 49. Rc7 h5 50. gxh5 gxh5 51. Kd4 h4 52. Ke3 Rg2 53. Rc8 h3 54. Rh8 h2 55. Rdd8 Rxc2 56. Rh7+ Kg6 57. Rdh8 Rg5 58. Rh6+ Kf7 59. Rxh2 Rc3+ 60. Ke2 Rg3 61. Rf2 Ke6 62. Rh5 Ra3 63. Rd5 Rh3 64. Rd3 Ra2+ 65. Rd2 Ra5 66. Ke3 Ke5 67. Rd3 e6 68. Rb2 f5 69. exf5 Kxf5 70. Rb8 Re5+ 71. Kf2 Kf6 72. Rf8+ Ke7 73. Rg8 Rf5 74. Kg2 Rhh5 75. Rg4 Ra5 76. Re3 Rhg5 77. Kg3 Rh5 78. f4 Ra1 79. Re2 Rg1+ 80. Rg2 Rxg2+ 81. Kxg2 Kf6 1/2-1/2

[Event "GXP Serie-A 2nd"]
[Site "Portugal"]
[Date "2004.??.??"]
[Round "6"]
[White "Pinheiro, Albano Guise"]
[Black "Barbosa, Fabio Emanuel Olive"]
[Result "1/2-1/2"]
[WhiteElo "2105"]
[BlackElo "1990"]
[PlyCount "121"]
[EventDate "2004.??.??"]
[EventType "tourn"]
[EventRounds "9"]
[EventCountry "POR"]
[SourceTitle "EXT 2007"]
[Source "ChessBase"]
[SourceDate "2006.11.23"]
[SourceVersion "1"]
[SourceVersionDate "2006.11.23"]
[SourceQuality "1"]

1. e4 c5 2. Nf3 d6 3. d4 cxd4 4. Nxd4 Nf6 5. Nc3 Nc6 6. Be3 e5 7. Nb3 Be6 8. Be2 Be7 9. Qd2 0-0 10. 0-0-0 a6 11. f3 Qc7 12. g4 b5 13. g5 Nd7 14. Nd5 Bxd5 15. exd5 Nd8 16. h4 Nb7 17. h5 Rfc8 18. g6 Bf6 19. Bd3 Nf8 20. gxh7+ Nxh7 21. Rdg1 a5 22. Bh6 Kh8 23. Bxg7+ Bxg7 24. Rxg7 Kxg7 25. Rg1+ Kh8 26. Qh6 f5 27. Bxf5 Rf8 28. Bd3 Rac8 29. Nd2 Nc5 30. Bg6 e4 31. c3 exf3 32. Qe3 f2 33. Rf1 Qg7 34. Nf3 Rf6 35. Nh4 Qf8 36. Bf5 Re8 37. Qd4 Qh6+ 38. Kc2 Qxh5 39. Rxf2 Re2+ 40. Rxe2 Qxe2+ 41. Kc1 Kg7 42. b4 Qe1+ 43. Kc2 Qe2+ 44. Kc1 axb4 45. cxb4 Qc4+ 46. Qxc4 bxc4 47. bxc5 dxc5 48. Kc2 Rd6 49. Be6 Kf6 50. Kc3 Ra6 51. Nf5 Rxa2 52. Kxc4 Rc2+ 53. Kd3 Rf2 54. Ne3 Rf4 55. Ng4+ Ke7 56. Ne5 Nf8 57. Bg8 Kd6 58. Nc4+ Ke7 59. Ne5 Kd6 60. Nc4+ Ke7 61. Ne5 1/2-1/2

[Event "Porto-ch final"]
[Site "Porto"]
[Date "2004.??.??"]
[Round "6"]
[White "Pinheiro, Albano Guise"]
[Black "Pereira, Antonio Pedro Caram"]
[Result "0-1"]
[WhiteElo "2075"]
[BlackElo "1960"]
[PlyCount "116"]
[EventDate "2004.??.??"]
[EventType "tourn"]
[EventRounds "7"]
[EventCountry "POR"]
[SourceTitle "EXT 2007"]
[Source "ChessBase"]
[SourceDate "2006.11.23"]
[SourceVersion "1"]
[SourceVersionDate "2006.11.23"]
[SourceQuality "1"]

1. e4 e5 2. Nf3 Nc6 3. d4 exd4 4. Bc4 Nf6 5. e5 d5 6. Bb5 Ne4 7. Nxd4 Bc5 8. Be3 Bxd4 9. Qxd4 0-0 10. Bxc6 bxc6 11. c4 Re8 12. 0-0 Ba6 13. f3 Ng5 14. Bxg5 Qxg5 15. f4 Qf5 16. Na3 Red8 17. Rf2 dxc4 18. Qc5 Qe6 19. Qa5 Bb5 20. Nxb5 cxb5 21. Qxb5 Qb6 22. Qxb6 cxb6 23. a4 g6 24. Rc2 Rac8 25. g3 a6 26. Kf2 Rc5 27. Ke3 f6 28. exf6 Kf7 29. Rac1 Rdc8 30. Rd1 Re8+ 31. Kf3 Kxf6 32. Rd7 Re7 33. Rd8 b5 34. Rd6+ Re6 35. Rd7 Re7 36. Rxe7 Kxe7 37. Ke4 g5 38. axb5 axb5 39. b4 Rc6 40. fxg5 Rd6 41. Kf5 Rd5+ 42. Kf4 Rd3 43. Re2+ Kf7 44. Re5 c3 45. Rc5 Rd4+ 46. Ke3 Rxb4 47. Rxc3 Kg6 48. h4 Ra4 49. Rb3 b4 50. Kf4 Kg7 51. h5 Kf7 52. Kg4 Kg7 53. Kh4 Kf7 54. g4 Kg7 55. Rd3 Ra7 56. h6+ Kf7 57. Rf3+ Kg8 58. Kh5 Ra3 0-1

[Event "GXP Serie-A 2nd"]
[Site "Portugal"]
[Date "2004.??.??"]
[Round "8"]
[White "Pinheiro, Albano Guise"]
[Black "Pintor, Ariana Maciel Abran"]
[Result "0-1"]
[WhiteElo "2105"]
[BlackElo "2030"]
[PlyCount "68"]
[EventDate "2004.??.??"]
[EventType "tourn"]
[EventRounds "9"]
[EventCountry "POR"]
[SourceTitle "EXT 2007"]
[Source "ChessBase"]
[SourceDate "2006.11.23"]
[SourceVersion "1"]
[SourceVersionDate "2006.11.23"]
[SourceQuality "1"]

1. e4 c6 2. d4 d5 3. exd5 cxd5 4. c4 Nf6 5. c5 e6 6. b4 Be7 7. Nf3 0-0 8. Nc3 b6 9. Bb5 a5 10. Na4 axb4 11. Nxb6 Ra5 12. a4 Ba6 13. Bxa6 Nxa6 14. Ne5 Qc7 15. Bg5 Nxc5 16. 0-0 Nce4 17. Nbd7 Nxg5 18. Rc1 Qb7 19. Nxf8 Bxf8 20. f3 h6 21. Qb3 Nd7 22. h4 Nh7 23. Rc2 Nhf6 24. Rfc1 Nxe5 25. dxe5 Nd7 26. f4 Nc5 27. Qe3 Nxa4 28. Rc7 Qb5 29. Kh2 Nc5 30. Rc8 Ne4 31. R1c6 Ra6 32. R6c7 Ra3 33. Qg1 Qd3 34. Qe1 Rc3 0-1

[Event "St Joao da Madeira op"]
[Site "St Joao da Madeira"]
[Date "2003.??.??"]
[Round "7"]
[White "Viela, Marco Antonio Folha"]
[Black "Pinheiro, Albano Guise"]
[Result "1-0"]
[WhiteElo "2092"]
[BlackElo "2111"]
[PlyCount "83"]
[EventDate "2003.??.??"]
[EventType "swiss"]
[EventRounds "7"]
[EventCountry "POR"]
[SourceTitle "EXT 2005"]
[Source "ChessBase"]
[SourceDate "2004.11.15"]
[SourceVersion "1"]
[SourceVersionDate "2004.11.15"]
[SourceQuality "1"]

1. e4 c5 2. Nf3 Nc6 3. Bb5 g6 4. 0-0 Bg7 5. c3 e5 6. d3 Nge7 7. Be3 d6 8. d4 cxd4 9. cxd4 exd4 10. Bxd4 0-0 11. Bxg7 Kxg7 12. Nc3 Bg4 13. Be2 Bxf3 14. Bxf3 Ne5 15. Be2 Qb6 16. Qb3 Qxb3 17. axb3 a6 18. Rfd1 Rfd8 19. Rd2 f6 20. Rad1 Nc8 21. Nd5 Rd7 22. f4 Nc6 23. Bg4 Rf7 24. Be6 Rf8 25. Nc7 Rb8 26. Bxc8 Rfxc8 27. Ne6+ Kf7 28. Rxd6 Re8 29. Rd7+ Re7 30. Nc5 a5 31. Rxe7+ Nxe7 32. Rd7 b6 33. Na6 Rc8 34. Nc7 Kf8 35. Kf2 h5 36. Ke3 f5 37. Kd4 Nc6+ 38. Kd5 Nb4+ 39. Ke5 Nc6+ 40. Kd6 Nb8 41. e5 Nxd7 42. Kxd7 1-0